Datum a čas kvízu
16
Celkem bodů
Celkový počet nahraných bodů na tomto kvízu bez doplňovacích otázek.
7.
Pořadí na kvízu
Konečné umístění týmu na tomto kvízu.
Zaznamenané odpovědi
| # | Otázka | Odpověď | Body | Výsledky |
|---|---|---|---|---|
| 1. | Bourání dálničního mostu, kter... | Hradec Králové, D11 | 1 | |
| 2. | Ve které africké zemi, oblíben... | v Tunisku | 0 | |
| 3. | Jeden z největších pornografic... | Pornhub | 1 | |
| 4. | Doplňte název první české přír... | bučiny | 0 | |
| 5. | Hokejový brankář Vítek Vaněček... | Seattle, Washington | 0 | |
| 6. | V tomto tématu se zaměříme na... | Cyril Höschl | 0 | |
| 7. | V populaci se jako druhé nejča... | obsedantně kompulzivní | 1 | |
| 8. | Hypericum perforatum je latins... | třezalka (tečkovaná) | 1 | |
| 9. | Depresivní poruchou trpí známý... | Jim Carrey | 1 | |
| 10. | Lithium se používá v psychiatr... | 1991 (Uznáváme 1989–93.) | 0 |